| 000 | 05412nam a22005057a 4500 | ||
|---|---|---|---|
| 005 | 20120119120134.0 | ||
| 010 | _aB-468606-629 | ||
| 020 |
_a9788179931400 _c150.00 |
||
| 035 | _aB-468606-629 | ||
| 037 |
_adpl _bBlue Berry/Ven |
||
| 082 | _a665.81 | ||
| 100 |
_aSen, Moen _950370 |
||
| 245 |
_aEnergy from the heart of hydrogen / _cby Moen Sen; edited by Madhu Singh Sirohi |
||
| 260 |
_aNew Delhi _bThe Energy and Resources Institute, TERI Press, _c2009 |
||
| 270 |
_aDarbari Seth Block, IHC Complex, Lodhi Road _bNew Delhi _e110003 _k26482100/4150 |
||
| 300 |
_a30 p _bill (col) _c26cm (Hb) |
||
| 490 |
_aSuper-powered earth _950371 |
||
| 700 |
_aSirohi, Madhu Singh _939670 |
||
| 942 |
_2ddc _cCH _mSEN _h665.81 |
||
| 999 |
_c61235 _d61235 |
||